Miss marple y trece problemas /

Guardado en:
Autor Principal: Christie, Agatha
Formato: Libro
Publicado: Barcelona : Planeta, 1995
Materias:
Etiquetas: Agregar Etiqueta
Sin Etiquetas, Sea el primero en etiquetar este registro!
LEADER 00650nam a22002415a 4500
001 CEM.cems018511
005 20151102111155.0
008 130507s1995##################000#0#####d
003 CEMS
020 |a 8477511705 
082 0 4 |a 823.9 
100 1 |a Christie, Agatha 
245 1 0 |a Miss marple y trece problemas /  |c Agatha Christie 
260 |a Barcelona :  |b Planeta,  |c 1995 
300 |a 192 p. 
653 |a Literatura 
653 |a Literatura inglesa 
653 |a Narrativa 
653 |a Narrativa inglesa 
653 |a Novelas 
653 |a Novela inglesa 
653 |a Novela policial 
859 |a CEMS  |b BIB. CEMS - Agricultura  |h 823.9  |i C463  |p A2201.14  |t Ej.1